Elementary statistics / (Record no. 65634)

MARC details
000 -LEADER
fixed length control field 00532nam a22001697a 4500
005 - DATE AND TIME OF LATEST TRANSACTION
control field 20120425151655.0
020 ## - INTERNATIONAL STANDARD BOOK NUMBER
International Standard Book Number 8187140070
Terms of availability 90.00
035 ## - SYSTEM CONTROL NUMBER
System control number B-78869
037 ## - SOURCE OF ACQUISITION
Stock number DPL
Source of stock number/acquisition ENG
100 ## - MAIN ENTRY--PERSONAL NAME
Personal name Jain, T.R.
245 ## - TITLE STATEMENT
Title Elementary statistics /
Statement of responsibility, etc by T.R. Jain and V.K. Ohri
260 ## - PUBLICATION, DISTRIBUTION, ETC. (IMPRINT)
Place of publication, distribution, etc New Delhi
Name of publisher, distributor, etc V K Publications
Date of publication, distribution, etc 2004
300 ## - PHYSICAL DESCRIPTION
Extent 320p.
Dimensions 24 cms.
700 ## - ADDED ENTRY--PERSONAL NAME
Personal name Ohri, V.K.
9 (RLIN) 45751
942 ## - ADDED ENTRY ELEMENTS (KOHA)
Source of classification or shelving scheme Dewey Decimal Classification
Item type English Books
Classification part 310
Call number suffix JAI
Holdings
Withdrawn status Lost status Not for loan Collection code Home library Current library Date acquired Cost, normal purchase price Full call number Barcode Cost, replacement price Koha item type
      Non-fiction Sarojini Nagar Sarojini Nagar 25/04/2012 90.00 310 JAI B-78869 90.00 English Books

© Delhi Public Library
Hit Counter
free hit counter